| 000 | 00000nam##2200000za#4500 |
| 001 | 9.695976 |
| 003 | CaOODSP |
| 005 | 20210624234826 |
| 007 | cr ||||||||||| |
| 008 | 150407|1996||||xxc|||||o f|0| 0 eng|d |
| 040 | |aCaOODSP|beng |
| 043 | |an-cn--- |
| 086 | 1 |aNE23-58/1996E-PDF |
| 110 | 1 |aCanada. |bNational Energy Board. |
| 245 | 10|aPublic inquiry concerning stress corrosion cracking on Canadian oil and gas pipelines : |h[electronic resource]|breport of the inquiry |
| 246 | 1 |aStress corrosion cracking on Canadian oil and gas pipelines : report of the inquiry |
| 260 | |aCalgary - Alberta : |bNational Energy Board |cNovember 1996, c1996. |
| 300 | |a178p.|bfigs., glossary, graphs, maps, references, tables, photographs |
| 500 | |a"December 1996"--p.1 of 178. The catalogue number (NE23-58/1996E) and ISBN (0-662-25246-2) for the print edition have been incorrectly copied in this electronic publication. |
| 590 | |a12-21-Supp|b2012-05-18 |
| 690 | 07|aPublic safety|2gcpds |
| 690 | 07|aPipelines|2gcpds |
| 775 | 08|tEnquête publique sur la fissuration par corrosion sous tension des oléoducs et des gazoducs canadiens : |w(CaOODSP)9.640092 |
| 776 | 0#|tPublic inquiry concerning stress corrosion cracking on Canadian oil and gas pipelines : |w(CaOODSP)9.646397 |
| 856 | 40|ahttp://publications.gc.ca|qPDF|s2.24 MB|uhttps://publications.gc.ca/collections/Collection/NE23-58-1996E.pdf |
| 986 | |aMH-2-95 |